|
|
|
|
| LEADER |
01033nam a2200241 a 4500 |
| 001 |
2504978 |
| 008 |
091208s1993 enka b 001 0 eng d |
| 010 |
|
|
|a 92028441
|
| 020 |
|
|
|a 0198283709
|
| 040 |
|
|
|a DLC
|c DLC
|d DLC
|
| 082 |
0 |
0 |
|a 330/.09
|2 20
|
| 100 |
1 |
|
|a Screpanti, Ernesto,
|d 1948-
|
| 240 |
1 |
0 |
|a Profilo di storia del pensiero economico.
|l English
|
| 245 |
1 |
3 |
|a An outline of the history of economic thought /
|c Ernesto Screpanti and Stefano Zamagni ; translated by David Field.
|
| 260 |
|
|
|a Oxford :
|b Clarendon Press ;
|a New York :
|b Oxford University Press,
|c 1993.
|
| 300 |
|
|
|a xiii, 441 p. :
|b ill. ;
|c 24 cm.
|
| 504 |
|
|
|a Includes bibliographical references and indexes.
|
| 541 |
1 |
|
|e 00012223
|
| 650 |
|
0 |
|a Economics
|x History.
|
| 700 |
1 |
|
|a Zamagni, Stefano.
|
| 852 |
4 |
|
|a Ayesha Abed Library
|j General shelf
|
| 999 |
|
|
|c 6070
|d 6070
|
| 952 |
|
|
|0 0
|1 0
|2 ddc
|4 0
|6 330_090000000000000_SCR
|7 0
|9 6061
|a BRACUL
|b BRACUL
|c GEN
|d 2009-12-14
|g 0.00
|l 0
|o 330.09 SCR
|p 3010012223
|r 2009-12-14
|t 1
|w 2009-12-14
|y BK
|x No price found in the accession register.
|